Statistics for Countries Containing Y - One Minute Sprint

Click here to take the quiz!

General Stats

  • This quiz has been taken 108 times
    (104 since last reset)
  • The average score is 9 of 19

Answer Stats

country% Correct
Yemen
91%
Uruguay
65%
Paraguay
64%
Germany
61%
Norway
59%
Italy
53%
Kyrgyzstan
51%
Libya
51%
Hungary
49%
Syria
49%
Guyana
43%
Malaysia
37%
Egypt
36%
Cyprus
35%
Turkey
33%
Kenya
29%
Myanmar
25%
Seychelles
23%
Vatican City
21%

Score Distribution

Percentile by Number Answered

Percent of People with Each Score

Your Score History

You have not taken this quiz since the last reset